[Event "Titled Tuesday intern op 28th Jan Early"]
[Site "Chess.com INT"]
[Date "2025.01.28"]
[Round "9"]
[White "Baladjaev, Gara"]
[Black "Richardson, John R"]
[Result "1-0"]
[WhiteElo "2404"]
[BlackElo "2271"]
[PlyCount "85"]
[EventDate "2025.01.28"]
[EventType "swiss (blitz)"]
[EventRounds "11"]
[EventCountry "USA"]
[SourceTitle "CB06_2025"]
[SourceDate "2025.02.05"]
[SourceVersion "1"]
[SourceVersionDate "2025.02.05"]
[SourceQuality "1"]

1. d4 f5 2. g3 Nf6 3. Bg2 e6 4. c4 d5 5. Nh3 c6 6. 0-0 Be7 7. Bf4 0-0 8. Nd2 b6 9. Nf3 h6 10. Bxb8 Rxb8 11. Nf4 Ne4 12. Ne5 Qd6 13. Nfg6 Re8 14. Qa4 Bb7 15. Qxa7 Bf6 16. Qxb6 dxc4 17. e3 Ba8 18. Qa7 Rb7 19. Qa4 Rxb2 20. Nxc4 Qb4 21. Nxb2 Qxb2 22. Bxe4 fxe4 23. Rab1 Qe2 24. Qa7 Kh7 25. Nf4 Qc2 26. Rb8 Rxb8 27. Qxb8 Qxa2 28. Qe8 c5 29. Qxe6 Qxe6 30. Nxe6 cxd4 31. Nxd4 Bd5 32. Rc1 h5 33. Rc5 Bf7 34. Nf5 Bg6 35. Nh4 Be8 36. Rc8 Bb5 37. Rc5 Bd3 38. Rxh5+ Kg8 39. Rd5 Kf7 40. Nf5 Bb1 41. Rb5 Bd3 42. Ra5 Kg6 43. Nd4 1-0

[Event "Titled Tuesday intern op 28th Jan Early"]
[Site "Chess.com INT"]
[Date "2025.01.28"]
[Round "10"]
[White "Fernandez Hernandez, Gerardo"]
[Black "Richardson, John R"]
[Result "0-1"]
[WhiteElo "2126"]
[BlackElo "2271"]
[PlyCount "72"]
[EventDate "2025.01.28"]
[EventType "swiss (blitz)"]
[EventRounds "11"]
[EventCountry "USA"]
[SourceTitle "CB06_2025"]
[SourceDate "2025.02.05"]
[SourceVersion "1"]
[SourceVersionDate "2025.02.05"]
[SourceQuality "1"]

1. e4 c5 2. d3 a6 3. g3 d5 4. exd5 Qxd5 5. Nf3 Bg4 6. Bg2 Nc6 7. h3 Bh5 8. 0-0 Nf6 9. Nc3 Qd7 10. Be3 e6 11. Ne4 Nxe4 12. dxe4 Qc7 13. c3 Be7 14. Bf4 e5 15. Be3 Rd8 16. Qc2 0-0 17. Rad1 b5 18. b3 Qa5 19. Rfe1 b4 20. c4 Nd4 21. Bxd4 exd4 22. g4 Bg6 23. Ne5 Qc7 24. f4 Bd6 25. Nd3 Bxf4 26. h4 h5 27. Bh3 Bg3 28. Re2 Bxh4 29. Rg2 Bxe4 30. Qe2 Bxg2 31. Qxg2 hxg4 32. Qxg4 Qg3+ 33. Qxg3 Bxg3 34. Nxc5 Rfe8 35. Nxa6 d3 36. Nxb4 d2 0-1

[Event "Titled Tuesday intern op 28th Jan Early"]
[Site "Chess.com INT"]
[Date "2025.01.28"]
[Round "7"]
[White "Gulamirian, Korun"]
[Black "Richardson, John R"]
[Result "1-0"]
[WhiteElo "1890"]
[BlackElo "2271"]
[PlyCount "85"]
[EventDate "2025.01.28"]
[EventType "swiss (blitz)"]
[EventRounds "11"]
[EventCountry "USA"]
[SourceTitle "CB06_2025"]
[SourceDate "2025.02.05"]
[SourceVersion "1"]
[SourceVersionDate "2025.02.05"]
[SourceQuality "1"]

1. e4 c5 2. c3 d5 3. exd5 Qxd5 4. d4 Nc6 5. Nf3 Nf6 6. Be2 Bg4 7. Be3 cxd4 8. cxd4 e6 9. Nc3 Bb4 10. 0-0 Qa5 11. Qb3 0-0 12. a3 Bxc3 13. bxc3 Qc7 14. h3 Bh5 15. Rab1 b6 16. c4 Na5 17. Qb4 Rac8 18. Rbc1 h6 19. c5 Nd5 20. Qb2 Qd8 21. Ne5 Bxe2 22. Qxe2 bxc5 23. Rxc5 Rxc5 24. dxc5 Qc7 25. Nd3 Nc4 26. Bd4 Nxa3 27. Qg4 f5 28. Qg6 Qf7 29. Qxf7+ Rxf7 30. c6 Nb5 31. Be5 Ndc7 32. Rc1 Re7 33. Nc5 Kf7 34. f4 Nd5 35. Na6 Ndc7 36. Nc5 Nd5 37. Nb7 Ndc7 38. Nd8+ Ke8 39. Nb7 g5 40. g3 a6 41. Kh2 Kf7 42. Nd6+ Kg6 43. Nb7 1-0

[Event "London Classic op 14th"]
[Site "London"]
[Date "2024.12.05"]
[Round "7"]
[White "Richardson, John R"]
[Black "Willmoth, Robert"]
[Result "1/2-1/2"]
[WhiteElo "2287"]
[BlackElo "2101"]
[PlyCount "114"]
[EventDate "2024.11.29"]
[EventType "swiss"]
[EventRounds "9"]
[EventCountry "ENG"]
[SourceTitle "CB50_2024"]
[SourceDate "2024.11.01"]
[SourceVersion "1"]
[SourceVersionDate "2024.11.01"]
[SourceQuality "2"]

1. d4 Nf6 2. c4 g6 3. g3 Bg7 4. Bg2 0-0 5. Nc3 d6 6. Nf3 c6 7. 0-0 Bf5 8. Nh4 Be6 9. d5 cxd5 10. cxd5 Bd7 11. Nf3 Na6 12. Nd4 Qb6 13. h3 Ne4 14. Nxe4 Qxd4 15. Bg5 Rfe8 16. Rc1 Qxb2 17. Rb1 Qxa2 18. Rxb7 Bf5 19. Rxe7 Rxe7 20. Bxe7 Bxe4 21. Bxe4 Re8 22. Bb1 Qa3 23. Bg5 Nc5 24. Be3 Na4 25. Bd4 Bxd4 26. Qxd4 Nc3 27. Bd3 Nxe2+ 28. Bxe2 Rxe2 29. Rb1 Re8 30. Kg2 Qc5 31. Qd3 a6 32. Qxa6 Qxd5+ 33. Kg1 Ra8 34. Qe2 Ra2 35. Qe3 Rd2 36. h4 Rd1+ 37. Rxd1 Qxd1+ 38. Kh2 h5 39. Qe8+ Kg7 40. Qc6 Qd4 41. Kg2 d5 42. Qc7 Qc4 43. Qe5+ Kh7 44. Qb2 d4 45. Qb7 d3 46. Qd7 Kg7 47. Qd6 Qc3 48. Kh2 d2 49. Kg2 Kg8 50. Qd8+ Kg7 51. Qd6 Qb2 52. Qd5 Qc2 53. Qd4+ Kh7 54. Qd5 Kh6 55. Qd8 Kh7 56. Qd5 Kh8 57. Qd8+ Kg7 1/2-1/2

[Event "BCF-chT2 2425 (4NCL)"]
[Site "England"]
[Date "2024.11.24"]
[Round "2.31"]
[White "Arnott, Jonathan"]
[Black "Richardson, John R"]
[Result "0-1"]
[WhiteElo "2087"]
[BlackElo "2287"]
[PlyCount "90"]
[EventDate "2024.11.23"]
[EventType "team-tourn"]
[EventRounds "11"]
[EventCountry "ENG"]
[SourceTitle "CB48_2024"]
[SourceDate "2024.11.28"]
[SourceVersion "1"]
[SourceVersionDate "2024.11.28"]
[SourceQuality "1"]
[WhiteTeam "Chessable White Rose II"]
[BlackTeam "The ADS"]
[WhiteTeamCountry "ENG"]
[BlackTeamCountry "ENG"]

1. e4 c6 2. d4 d5 3. e5 Bf5 4. Nd2 e6 5. Nb3 Nd7 6. Nf3 c5 7. dxc5 Bxc5 8. Nxc5 Qa5+ 9. c3 Qxc5 10. Qa4 Ne7 11. Bb5 Qc7 12. 0-0 a6 13. Nd4 Rc8 14. Bxd7+ Qxd7 15. Qxd7+ Kxd7 16. Be3 Rc4 17. a4 f6 18. f4 fxe5 19. fxe5 Bg6 20. Nb3 Rhc8 21. Na5 Re4 22. Bd4 Nf5 23. Rxf5 Bxf5 24. Nxb7 Re2 25. Nc5+ Rxc5 26. Bxc5 Rxb2 27. h3 Kc6 28. Bf2 a5 29. Ra3 Bc2 30. Bd4 Be4 31. Bf2 h5 32. h4 Kd7 33. Ra1 Ke8 34. Rf1 Ra2 35. Kh2 Rxa4 36. Bc5 Bf5 37. g3 Ra2+ 38. Rf2 Rxf2+ 39. Bxf2 Kd7 40. Kg2 Kc6 41. Kf3 a4 42. Bd4 Kb5 43. Ke3 Kc4 44. Kd2 a3 45. Kc1 g6 0-1

[Event "BCF-ch"]
[Site "Hull"]
[Date "2024.08.03"]
[Round "8"]
[White "Stubbs, Oliver"]
[Black "Richardson, John R"]
[Result "1/2-1/2"]
[WhiteElo "2146"]
[BlackElo "2299"]
[PlyCount "45"]
[EventDate "2024.07.27"]
[EventType "swiss"]
[EventRounds "9"]
[EventCountry "ENG"]
[SourceTitle "CBM 221 Extra"]
[Source "ChessBase"]
[SourceDate "2024.09.30"]
[SourceVersion "1"]
[SourceVersionDate "2024.09.30"]
[SourceQuality "1"]

1. d4 d5 2. Nf3 Nf6 3. Bf4 c5 4. e3 Nc6 5. Nbd2 e6 6. c3 Nh5 7. Bg5 f6 8. Bh4 g6 9. Be2 cxd4 10. cxd4 Be7 11. Rc1 0-0 12. Nb3 Ng7 13. Bg3 Qe8 14. h3 b6 15. 0-0 Bd7 16. Ba6 Nf5 17. Bh2 Nb4 18. Bb7 Bb5 19. Bxa8 Qxa8 20. a3 Bxf1 21. Qxf1 Nc6 22. Rc2 Bd6 23. Bxd6 1/2-1/2

[Event "BCF-ch"]
[Site "Hull"]
[Date "2024.07.27"]
[Round "1"]
[White "Dicen, Elis Denele"]
[Black "Richardson, John R"]
[Result "1-0"]
[WhiteElo "2060"]
[BlackElo "2299"]
[PlyCount "75"]
[EventDate "2024.07.27"]
[EventType "swiss"]
[EventRounds "9"]
[EventCountry "ENG"]
[SourceTitle "CBM 221 Extra"]
[Source "ChessBase"]
[SourceDate "2024.09.30"]
[SourceVersion "1"]
[SourceVersionDate "2024.09.30"]
[SourceQuality "1"]

1. d4 d5 2. c4 c6 3. Nf3 Nf6 4. Nc3 e6 5. cxd5 exd5 6. Qc2 Be7 7. Bg5 Nbd7 8. e3 0-0 9. Bd3 Re8 10. 0-0 h6 11. Bf4 Nh5 12. Nxd5 Nxf4 13. Nxf4 Bd6 14. Ne2 Nf6 15. Bf5 Qa5 16. Bxc8 Raxc8 17. Nc3 Qh5 18. Rad1 Bb8 19. Rfe1 Re6 20. e4 Nh7 21. e5 Rg6 22. Ne2 Ng5 23. Nxg5 Qxg5 24. Qe4 Re6 25. f4 Qd8 26. f5 Re8 27. Nf4 Qc7 28. f6 gxf6 29. Nh5 Re6 30. Qg4+ Kf8 31. Qg7+ Ke8 32. Nxf6+ Ke7 33. d5 Qb6+ 34. Kh1 Rxe5 35. d6+ Bxd6 36. Rxe5+ Bxe5 37. Rd7+ Ke6 38. Qxf7+ 1-0

[Event "BCF-chT2 2324 (4NCL)"]
[Site "England"]
[Date "2024.05.06"]
[Round "11.53"]
[White "Richardson, John R"]
[Black "Blackburn, Jonathan LB"]
[Result "1-0"]
[WhiteElo "2287"]
[BlackElo "2203"]
[PlyCount "107"]
[EventDate "2023.11.11"]
[EventType "team-tourn"]
[EventRounds "11"]
[EventCountry "ENG"]
[SourceTitle "CBM 219 Extra"]
[Source "ChessBase"]
[SourceDate "2024.05.31"]
[SourceVersion "1"]
[SourceVersionDate "2024.05.31"]
[SourceQuality "1"]
[WhiteTeam "The ADS"]
[BlackTeam "The Audible Checks"]
[WhiteTeamCountry "ENG"]
[BlackTeamCountry "ENG"]

1. d4 Nf6 2. c4 c5 3. d5 e6 4. Nc3 exd5 5. cxd5 d6 6. Nf3 g6 7. g3 Bg7 8. Bg2 0-0 9. 0-0 a6 10. a4 Re8 11. Nd2 Nbd7 12. h3 Rb8 13. Nc4 Ne5 14. Nxe5 Rxe5 15. Bf4 Re8 16. e4 b5 17. axb5 axb5 18. Re1 b4 19. Nb1 Nh5 20. Bc1 Bd4 21. g4 Qh4 22. Qf3 Nf6 23. Bf4 Be5 24. Bxe5 Rxe5 25. Nd2 h5 26. Qf4 hxg4 27. Nf3 Qh5 28. Nxe5 Qxe5 29. Qxe5 dxe5 30. hxg4 Bxg4 31. Rec1 Rc8 32. Ra6 Nh5 33. Rc6 Ra8 34. f3 Bd7 35. Rc7 Nf4 36. R1xc5 Ra1+ 37. Kh2 Rd1 38. Rc1 Rd2 39. R1c2 Rxc2 40. Rxc2 Kf8 41. Bf1 Ke7 42. Rc7 Kd6 43. Rb7 f5 44. Rxb4 fxe4 45. fxe4 Bg4 46. Kg3 Bd1 47. Kh4 Bc2 48. Kg5 Ke7 49. Rc4 Bb3 50. Rc7+ Kd6 51. Rc6+ Ke7 52. Rb6 Bc2 53. d6+ Kf8 54. Kf6 1-0

[Event "BCF-chT2 2324 (4NCL)"]
[Site "England"]
[Date "2024.05.04"]
[Round "9.32"]
[White "Graham, David Bruce"]
[Black "Richardson, John R"]
[Result "1/2-1/2"]
[WhiteElo "2149"]
[BlackElo "2287"]
[PlyCount "97"]
[EventDate "2023.11.11"]
[EventType "team-tourn"]
[EventRounds "11"]
[EventCountry "ENG"]
[SourceTitle "CBM 219 Extra"]
[Source "ChessBase"]
[SourceDate "2024.05.31"]
[SourceVersion "1"]
[SourceVersionDate "2024.05.31"]
[SourceQuality "1"]
[WhiteTeam "Sussex Martlets"]
[BlackTeam "The ADS"]
[WhiteTeamCountry "ENG"]
[BlackTeamCountry "ENG"]

1. e4 c6 2. d4 d5 3. e5 Bf5 4. Nf3 e6 5. Be2 c5 6. 0-0 Nc6 7. c3 cxd4 8. Nxd4 Nxd4 9. cxd4 Ne7 10. Nc3 f6 11. exf6 gxf6 12. Re1 Kf7 13. Bf4 Nc6 14. Bh5+ Bg6 15. Bg4 f5 16. Bf3 Bg7 17. Nb5 Qb6 18. Nc7 Bxd4 19. Rxe6 Rac8 20. Bxd5 Kg7 21. Qe2 Rxc7 22. Bxc7 Qxc7 23. Bxc6 Bf7 24. Rd1 Rd8 25. Bf3 Bxe6 26. Qxe6 Qc5 27. Qe2 Qb6 28. g3 Rf8 29. Qe7+ Rf7 30. Qg5+ Kf8 31. Rc1 Bxf2+ 32. Kg2 Bc5 33. Bd5 h6 34. Qf4 Rf6 35. Qb8+ Ke7 36. Qxb7+ Qxb7 37. Bxb7 Bb6 38. Re1+ Kd6 39. Rf1 Ke5 40. Rd1 Bd4 41. b3 Rf7 42. Re1+ Kf6 43. Ba6 Rd7 44. Bc4 Be5 45. Re2 Rd1 46. a4 a5 47. Rc2 Rb1 48. Rf2 Rb2 49. Rxb2 1/2-1/2

[Event "BCF-chT2 2324 (4NCL)"]
[Site "England"]
[Date "2024.01.14"]
[Round "4.63"]
[White "Richardson, John R"]
[Black "Borrowdale, Graham E"]
[Result "1-0"]
[WhiteElo "2264"]
[BlackElo "1941"]
[PlyCount "59"]
[EventDate "2023.11.11"]
[EventType "team-tourn"]
[EventRounds "11"]
[EventCountry "ENG"]
[SourceTitle "CBM 219 Extra"]
[Source "ChessBase"]
[SourceDate "2024.05.31"]
[SourceVersion "1"]
[SourceVersionDate "2024.05.31"]
[SourceQuality "1"]
[WhiteTeam "The ADS"]
[BlackTeam "Cambridge University II"]
[WhiteTeamCountry "ENG"]
[BlackTeamCountry "ENG"]

1. d4 Nf6 2. c4 e6 3. Nc3 Bb4 4. e3 c5 5. Nge2 d5 6. a3 Bxc3+ 7. Nxc3 cxd4 8. exd4 dxc4 9. Bxc4 Nc6 10. Be3 0-0 11. 0-0 a6 12. Bd3 Qd7 13. Na4 Nd5 14. Qc2 g6 15. Rac1 f5 16. Bh6 Rf7 17. Bc4 Qd6 18. Bxd5 exd5 19. Nb6 Rb8 20. g3 f4 21. Bxf4 Rxf4 22. Nxc8 Qe6 23. Qd3 Re4 24. Nb6 Nxd4 25. Rc8+ Rxc8 26. Nxc8 Ne2+ 27. Kg2 Qxc8 28. Qxd5+ Qe6 29. Qxb7 Nd4 30. Rc1 1-0